000 00258nam a2200109Ia 4500
999 _c8562
_d8562
020 _a978-0201100884
100 _aSethi,Ravi
245 0 _aCompilers Principles, Techniques and Tools
260 _aLondon
_bWorld Scientific
_c2005
300 _a320
942 _cBK